Vie de S. François d'Assise / (Record no. 122303)

MARC details
000 -LEADER
campo de control de longitud fija 00580nam a2200193 i 4500
001 - NÚMERO DE CONTROL
campo de control 122303
003 - IDENTIFICADOR DE NÚMERO DE CONTROL
campo de control ES-MaACL
005 - FECHA Y HORA DE LA ÚLTIMA TRANSACCIÓN
campo de control 20250825063334.0
007 - CAMPO FIJO DE DESCRIPCIÓN FÍSICA--INFORMACIÓN GENERAL
campo de control de longitud fija t|
008 - DATOS DE LONGITUD FIJA--INFORMACIÓN GENERAL
campo de control de longitud fija 070523q19001905fr ||||1| fre d
100 1# - ENTRADA PRINCIPAL--NOMBRE DE PERSONA
Nombre de persona Sabatier, Paul,
Fechas asociadas al nombre 1858-1928
9 (RLIN) 101187
245 10 - MENCIÓN DEL TÍTULO
Título Vie de S. François d'Assise /
Mención de responsabilidad, etc. par Paul Sabatier.
250 ## - MENCION DE EDICION
Mención de edición 34e éd.
260 ## - PUBLICACIÓN, DISTRIBUCIÓN, ETC.
Lugar de publicación, distribución, etc. Paris :
Nombre del editor, distribuidor, etc. Librairie Fischbacher,
Fecha de publicación, distribución, etc. [190-?]
300 ## - DESCRIPCIÓN FÍSICA
Extensión CXXVI, 418 p. ;
Dimensiones 22 cm.
600 14 - PUNTO DE ACCESO ADICIONAL DE MATERIA--NOMBRE DE PERSONA
Nombre de persona Francisco de Asís
Títulos y otros términos asociados al nombre Santo-
Subdivisión general Biografías.
9 (RLIN) 52190
852 ## - LOCALIZACIÓN
Ubicación ES-MaACL
Número de control de estantería F-3467(1)
Holdings
Estatus retirado Estado de pérdida Estado de daño No para préstamo Colección Biblioteca de origen Biblioteca actual Ubicación en estantería Fecha de adquisición Fuente de adquisición Total de préstamos Signatura topográfica completa Código de barras Visto por última vez Precio de reemplazo Tipo de ítem Koha
        Libros del s. XIX Biblioteca del Ateneo de Madrid Biblioteca del Ateneo de Madrid Depósito 2 17/01/2008     F-3467(1) 1127446 23/02/2023 23/02/2023 Libro impreso antiguo